Statistiques concernant Tous les entraineurs de la Liga 2023-2024

Cliquez ici pour prendre le quiz!

Statistiques générales

  • Ce quiz a été pris 28 fois
    (4 depuis la dernière actualisation)
  • Le résultat moyen est 6 sur 20

Statistiques - réponses

ClubsRéponses% Correct
Réal MadridCarlo Ancelotti
75%
FC BarceloneXavi
75%
Atlético MadridDiego Simeone
50%
Athletic BilbaoErnesto Valverde
50%
Réal SociedadImanol Alguacil
50%
Bétis SévilleManuel Pellegrini
50%
VillarealMarcelino
50%
GéroneMichel
50%
ValenceRubén Baraja
50%
OsasunaJagoba Arrasate
25%
MajorqueJavier Aguirre
25%
GetafePepe Bordalás / Bordalas
25%
Celta VigoClaudio Giráldez / Giraldez
0%
Las PalmasFrancisco Javier García Pimienta / Pimienta
0%
Rayo VallecanoIñigo Pérez / Perez
0%
GrenadeJosé Ramón Sandoval / Sandoval
0%
AlavesLuis García / Garcia
0%
CadixMauricio Pellegrino
0%
AlmériaPepe Mel
0%
SévilleQuique Sánchez Flores / Flores / Sanchez
0%

Distribution des résultats

Percentile par nombre de réponses

% des personnes avec chaque résultat

Votre développement - résultats

Vous n’avez pas pris ce quiz depuis la dernière actualisation